[Event "USCL Week 3"]
[Site "Internet Chess Club"]
[Date "2012.09.17"]
[Round "?"]
[White "Alvarez, Ernesto"]
[Black "Xiong, Jeffery"]
[Result "0-1"]
[WhiteElo "2257"]
[BlackElo "2412"]
[PlyCount "44"]
[EventDate "2012.??.??"]

1. d4 Nf6 2. c4 e6 3. Nf3 b6 4. a3 Bb7 5. Nc3 d5 6. cxd5 Nxd5 7. Qc2 Nxc3 8.
bxc3 Be7 9. e4 O-O 10. Be2 c5 11. O-O cxd4 12. cxd4 Nc6 13. Be3 Rc8 14. Qd3 Na5
15. Nd2 Qd7 16. f4 Qa4 17. Bd1 Qc6 18. Bf3 Qc3 19. Qe2 Ba6 20. Qxa6 Qxe3+ 21.
Rf2 Qxd4 22. Raf1 Rc2 0-1

[Event "USCL Week 3"]
[Site "Internet Chess Club"]
[Date "2012.09.17"]
[Round "?"]
[White "Getz, Alec"]
[Black "Rodriguez, Eric"]
[Result "1/2-1/2"]
[WhiteElo "2407"]
[BlackElo "2383"]
[PlyCount "76"]
[EventDate "2012.??.??"]

1. e4 c5 2. Nf3 Nc6 3. d4 cxd4 4. Nxd4 Nf6 5. Nc3 e5 6. Ndb5 d6 7. Bg5 a6 8.
Na3 b5 9. Nd5 Be7 10. Bxf6 Bxf6 11. c3 O-O 12. Nc2 Rb8 13. Ncb4 Nxb4 14. Nxb4
Bb7 15. Nd5 Bg5 16. Be2 Qd7 17. Qd3 b4 18. O-O Bxd5 19. Qxd5 bxc3 20. bxc3 Rb2
21. Bxa6 Rd2 22. Qb7 Qg4 23. Bc4 Be3 24. Rab1 g6 25. Rb2 Rxb2 26. Qxb2 Bc5 27.
Bd5 Kg7 28. h3 Qf4 29. Qe2 f5 30. a4 Kh6 31. a5 Qg3 32. Qf3 Qxf3 33. gxf3 Rb8
34. Ra1 Rb2 35. Ra2 Bxf2+ 36. Kf1 Rxa2 37. Bxa2 Bc5 38. Bg8 Kg7 1/2-1/2

[Event "USCL Week 3"]
[Site "Internet Chess Club"]
[Date "2012.09.17"]
[Round "?"]
[White "Liou, Yian"]
[Black "Kannappan, Priyadharshan"]
[Result "1/2-1/2"]
[WhiteElo "2390"]
[BlackElo "2457"]
[PlyCount "87"]
[EventDate "2012.??.??"]

1. e4 e5 2. Nf3 Nc6 3. Bb5 Nf6 4. O-O Nxe4 5. Re1 Nd6 6. Nxe5 Be7 7. Bf1 Nf5 8.
c3 Nxe5 9. Rxe5 d6 10. Re1 O-O 11. d4 d5 12. Nd2 Bf6 13. Bd3 Nh4 14. Qc2 Ng6
15. Nf1 Qd6 16. Ng3 Bd7 17. Nf5 Qb6 18. Ne3 Rfe8 19. Bd2 c6 20. Nf5 Qc7 21. g3
Rxe1+ 22. Rxe1 Re8 23. Rxe8+ Bxe8 24. h4 Qd8 25. h5 Nf8 26. Qb3 b5 27. a4 a6
28. axb5 axb5 29. Qa3 Ne6 30. Kg2 h6 31. Qa7 Qd7 32. Qb8 Qd8 33. Qxd8 Bxd8 34.
f4 Bc7 35. b4 Kf8 36. Kf3 f6 37. g4 Nd8 38. Ng3 Nf7 39. Ne2 Nd6 40. f5 Nf7 41.
Bf4 Bxf4 42. Nxf4 Ng5+ 43. Ke3 Ke7 44. Bc2 1/2-1/2

[Event "USCL Week 3"]
[Site "Internet Chess Club"]
[Date "2012.09.17"]
[Round "?"]
[White "Bregadze, Levan"]
[Black "Sevian, Samuel"]
[Result "1-0"]
[WhiteElo "2416"]
[BlackElo "2396"]
[PlyCount "61"]
[EventDate "2012.??.??"]

1. Nf3 Nf6 2. c4 c6 3. g3 d5 4. b3 Bf5 5. Bg2 e6 6. O-O Nbd7 7. Bb2 h6 8. d3
Bh7 9. Nbd2 Be7 10. Re1 O-O 11. Qc2 a5 12. Ne5 Nxe5 13. Bxe5 Ng4 14. Bb2 Qb6
15. e3 Bf6 16. Bxf6 Nxf6 17. Qc3 Rfd8 18. d4 Rac8 19. c5 Qc7 20. a3 Nd7 21. b4
axb4 22. axb4 Ra8 23. Rxa8 Rxa8 24. Ra1 Qb8 25. Bf1 f6 26. b5 Bg6 27. Nb3 Be8
28. b6 Kf8 29. Rxa8 Qxa8 30. Qa5 Qb8 31. Qa7 1-0

[Event "USCL Week 3"]
[Site "Internet Chess Club"]
[Date "2012.09.17"]
[Round "?"]
[White "Lee, Andy"]
[Black "Larson, Matthew"]
[Result "1-0"]
[WhiteElo "2300"]
[BlackElo "1918"]
[PlyCount "75"]
[EventDate "2012.??.??"]

1. e4 c5 2. Nf3 d6 3. d4 cxd4 4. Qxd4 Nc6 5. Bb5 Bd7 6. Qd3 Nf6 7. Nc3 g6 8.
Bg5 Bg7 9. O-O-O h6 10. Bh4 g5 11. Bg3 Qa5 12. Kb1 Ng4 13. Nd5 Nge5 14. Nxe5
Nxe5 15. Bxd7+ Kxd7 16. Qb3 b5 17. f3 Nc4 18. Be1 Qa6 19. Bc3 Bxc3 20. Nxc3
Rab8 21. Rd4 Rhc8 22. h4 e6 23. e5 Qb6 24. Rhd1 d5 25. Ne4 Kc6 26. hxg5 Kb7 27.
Rxc4 dxc4 28. Qb4 Rc7 29. gxh6 Qe3 30. Rh1 Qd4 31. Qd6 Qxd6 32. exd6 Rcc8 33.
d7 Rh8 34. Nd6+ Kc6 35. Nxf7 Rh7 36. d8=Q Rxd8 37. Nxd8+ Kd7 38. Nf7 1-0

[Event "USCL Week 3"]
[Site "Internet Chess Club"]
[Date "2012.09.17"]
[Round "?"]
[White "Chiang, Sarah"]
[Black "Rosenthal, Nicholas"]
[Result "1/2-1/2"]
[WhiteElo "2257"]
[BlackElo "2146"]
[PlyCount "188"]
[EventDate "2012.??.??"]

1. d4 e6 2. c4 f5 3. Nc3 Nf6 4. Nf3 d5 5. Bf4 c6 6. e3 Bd6 7. Ne5 O-O 8. Be2
Ne4 9. f3 Nxc3 10. bxc3 g5 11. Bg3 f4 12. Bf2 Bxe5 13. dxe5 Qc7 14. exf4 gxf4
15. g3 Qxe5 16. Bd4 Qh5 17. Rg1 Nd7 18. gxf4+ Kf7 19. Qc2 Qh4+ 20. Kd1 Ke8 21.
cxd5 cxd5 22. Qd3 Qxf4 23. Qxh7 e5 24. Bf2 Nf6 25. Qg6+ Kd8 26. Bg3 Qe3 27. Bh4
Kc7 28. Bxf6 Rxf6 29. Qg7+ Bd7 30. Re1 Rg8 31. Qxd7+ Kxd7 32. Bb5+ Kd6 33. Rxe3
Rg1+ 34. Re1 Rxe1+ 35. Kxe1 Rxf3 36. Rc1 e4 37. Rc2 a6 38. Be2 Re3 39. Kf2 Rh3
40. Kg2 Rh6 41. Bg4 Ke5 42. Kg3 b5 43. h4 Rc6 44. a3 a5 45. Bd7 Rc5 46. h5 Kf6
47. Kh4 e3 48. Rg2 Rc4+ 49. Bg4 Rxc3 50. Be2 Rc1 51. Bxb5 Rh1+ 52. Kg4 Ke5 53.
Be8 d4 54. Bg6 Kf6 55. Kf3 Rf1+ 56. Ke2 Rh1 57. Kd3 Rh4 58. Be8 Ke5 59. Rg7 Rh2
60. Re7+ Kd6 61. Re4 Rd2+ 62. Kc4 Ra2 63. Kxd4 Rxa3 64. h6 e2 65. h7 Rh3 66.
Bg6 Rh4 67. Rxh4 e1=Q 68. h8=Q Qd2+ 69. Ke4 Qe2+ 70. Kf4 Qf2+ 71. Kg5 Qe3+ 72.
Rf4 Qg3+ 73. Rg4 Qe3+ 74. Kh5 Qh3+ 75. Rh4 Qf3+ 76. Kh6 Qe3+ 77. Kg7 Qe7+ 78.
Bf7 Qg5+ 79. Kf8 Qe7+ 80. Kg8 Qd8+ 81. Be8 Qxe8+ 82. Kh7 Qxh8+ 83. Kxh8 Kc5 84.
Kg7 Kb5 85. Kf6 a4 86. Ke5 a3 87. Rh8 Kc4 88. Ke4 a2 89. Ra8 Kb3 90. Kd3 Kb2
91. Rb8+ Ka1 92. Rh8 Kb2 93. Rh2+ Kb1 94. Rh1+ Kb2 1/2-1/2

[Event "USCL Week 3"]
[Site "Internet Chess Club"]
[Date "2012.09.17"]
[Round "?"]
[White "Jones, Craig"]
[Black "Kavutskiy, Konstantin"]
[Result "1-0"]
[WhiteElo "2249"]
[BlackElo "2371"]
[PlyCount "73"]
[EventDate "2012.??.??"]

1. e4 e5 2. Nf3 Nc6 3. Nc3 Nf6 4. d4 exd4 5. Nxd4 Bb4 6. Nxc6 bxc6 7. Bd3 d6 8.
O-O h6 9. Bf4 O-O 10. Qd2 Re8 11. Rfe1 Ng4 12. h3 Ne5 13. Re3 Ng6 14. Rg3 Bc5
15. Be3 Bxe3 16. Qxe3 Qf6 17. Rf1 Qf4 18. Qd4 Qe5 19. Qc4 Nf4 20. Qxc6 Rb8 21.
Qxc7 Rxb2 22. Bc4 Ne6 23. Qxa7 Rb7 24. Qe3 Rc7 25. f4 Qd4 26. Bxe6 Qxe3+ 27.
Rxe3 Bxe6 28. f5 Bd7 29. Rd1 Bxf5 30. Nd5 Rxc2 31. exf5 Rb8 32. f6 gxf6 33.
Rg3+ Kf8 34. Nxf6 Rbb2 35. Re1 Re2 36. Rxe2 Rxe2 37. Rg8+ 1-0

[Event "USCL Week 3"]
[Site "Internet Chess Club"]
[Date "2012.09.17"]
[Round "?"]
[White "Abrahamyan, Tatev"]
[Black "Korley, Kassa"]
[Result "1/2-1/2"]
[WhiteElo "2432"]
[BlackElo "2353"]
[PlyCount "93"]
[EventDate "2012.??.??"]

1. e4 c5 2. Nf3 d6 3. d4 cxd4 4. Nxd4 Nf6 5. Nc3 Nc6 6. Bc4 e6 7. Bb3 Be7 8.
O-O O-O 9. f4 d5 10. e5 Bc5 11. Be3 Ne4 12. Nxe4 dxe4 13. c3 Qb6 14. Qd2 Na5
15. Qc2 Bd7 16. Kh1 Bxd4 17. Bxd4 Qb5 18. Rad1 Bc6 19. f5 exf5 20. Rxf5 Nxb3
21. axb3 Qd5 22. Qf2 Rfd8 23. Qg3 g6 24. Rdf1 e3 25. Bxe3 Qxg2+ 26. Qxg2 Bxg2+
27. Kxg2 gxf5 28. Rxf5 Re8 29. Bg5 Re6 30. Bf6 h6 31. Kf3 Kh7 32. Ke4 Rg8 33.
Rf2 Rg1 34. Rd2 Kg6 35. Rd8 Re1+ 36. Kf4 Rf1+ 37. Kg4 h5+ 38. Kg3 Rfxf6 39.
exf6 Re2 40. Rd7 b5 41. Rxa7 Rxb2 42. b4 Rc2 43. Rc7 Kxf6 44. Rc5 Kg6 45. h3 f6
46. Kh4 Rc1 47. Kg3 1/2-1/2

[Event "USCL Week 3"]
[Site "Internet Chess Club"]
[Date "2012.09.17"]
[Round "?"]
[White "Schroer, Jonathan"]
[Black "Amanov, Zhanibek"]
[Result "0-1"]
[WhiteElo "2414"]
[BlackElo "2463"]
[PlyCount "129"]
[EventDate "2012.??.??"]

1. d4 Nf6 2. c4 e6 3. Nf3 b6 4. g3 Bb7 5. Bg2 Bb4+ 6. Bd2 c5 7. Bxb4 cxb4 8.
O-O a5 9. a3 Na6 10. axb4 Nxb4 11. Nc3 O-O 12. Na2 Nxa2 13. Rxa2 Qe7 14. Qb3
Rfb8 15. Qa3 d6 16. b3 Be4 17. Rfa1 Qc7 18. Qc1 h6 19. Qf1 Rd8 20. Nd2 Bxg2 21.
Qxg2 d5 22. e3 Rac8 23. Qf3 e5 24. dxe5 Qxe5 25. Qf4 Qe6 26. Rb2 Rd7 27. cxd5
Rxd5 28. Nf3 Rdc5 29. Rbb1 Rc3 30. Nd4 Qh3 31. Qf3 h5 32. Qg2 Qg4 33. Rd1 Kh8
34. Qb7 Qh3 35. Qxf7 R3c7 36. Qg6 Ng4 37. Nf3 Rc5 38. Rd7 Rc1+ 39. Rd1 R1c5 40.
Rd7 Rc1+ 41. Rd1 R1c5 42. Ra4 R5c6 43. Qh7+ Kxh7 44. Ng5+ Kh6 45. Nxh3 Rc1 46.
Ra1 Rxd1+ 47. Rxd1 Rc6 48. Nf4 g5 49. Nd5 Rc2 50. Rf1 b5 51. h3 Ne5 52. Kg2 Rb2
53. Ra1 Nd3 54. Kf3 Rxf2+ 55. Ke4 Nc5+ 56. Ke5 Nxb3 57. Rd1 a4 58. Ne7 a3 59.
Nf5+ Rxf5+ 60. Kxf5 a2 61. Ke5 a1=Q+ 62. Rxa1 Nxa1 63. Kd4 Nc2+ 64. Kc5 Nxe3
65. Kxb5 0-1

[Event "USCL Week 3"]
[Site "Internet Chess Club"]
[Date "2012.09.17"]
[Round "?"]
[White "Sinanan, Joshua"]
[Black "Adamson, Robby"]
[Result "1-0"]
[WhiteElo "2263"]
[BlackElo "2415"]
[PlyCount "89"]
[EventDate "2012.??.??"]

1. d4 d5 2. c4 e6 3. Nf3 f5 4. g3 Nf6 5. Bg2 c6 6. O-O Bd6 7. b3 Qe7 8. Bb2 O-O
9. Nbd2 b6 10. Qc2 Bb7 11. Ne5 a5 12. e3 Na6 13. Rac1 Rac8 14. Qb1 c5 15. cxd5
exd5 16. Ndf3 Ne4 17. Rfd1 Rc7 18. Bf1 Nb8 19. Bb5 g5 20. Qd3 f4 21. Rf1 Qe6
22. exf4 gxf4 23. Rce1 Rg7 24. Kg2 Bc8 25. Rxe4 dxe4 26. Qxe4 Qh3+ 27. Kg1 Rf6
28. Re1 fxg3 29. fxg3 Bb7 30. Bc4+ Kh8 31. d5 Kg8 32. Bf1 Qf5 33. Qxf5 Rxf5 34.
Bh3 Rf6 35. Nc4 Rh6 36. Re8+ Kf7 37. Nxd6+ Rxd6 38. Rxb8 Bxd5 39. Bxg7 Kxg7 40.
Nh4 Rf6 41. Nf5+ Kf7 42. Ne3 Be4 43. Bg2 Bxg2 44. Kxg2 Re6 45. Kf3 1-0

[Event "USCL Week 3"]
[Site "Internet Chess Club"]
[Date "2012.09.17"]
[Round "?"]
[White "Atoufi, Pedram"]
[Black "Feng, Roland"]
[Result "1/2-1/2"]
[WhiteElo "2275"]
[BlackElo "2204"]
[PlyCount "104"]
[EventDate "2012.??.??"]

1. e4 e6 2. d4 d5 3. Nd2 Nf6 4. e5 Nfd7 5. Bd3 c5 6. c3 Nc6 7. Ne2 Qb6 8. Nf3
cxd4 9. cxd4 f6 10. exf6 Nxf6 11. O-O Bd6 12. Bf4 Bxf4 13. Nxf4 Qxb2 14. Re1
O-O 15. Nxe6 Bxe6 16. Rxe6 Rae8 17. Rxe8 Rxe8 18. Rb1 Qxa2 19. Rxb7 Ne4 20. Qf1
Rf8 21. Qe1 Re8 22. Rc7 Nf6 23. Qc1 Nd8 24. Bf5 Nf7 25. h4 g6 26. Ne5 Nxe5 27.
dxe5 Ne4 28. Bxe4 dxe4 29. Rc8 Rxc8 30. Qxc8+ Kf7 31. Qd7+ Kf8 32. Qd8+ Kf7 33.
Qf6+ Kg8 34. Qd8+ Kg7 35. Qf6+ Kg8 36. e6 Qb1+ 37. Kh2 Qb8+ 38. g3 Qf8 39. Qd4
a5 40. Kg1 Qe7 41. Qxe4 a4 42. h5 gxh5 43. f4 a3 44. f5 Qa7+ 45. Kg2 a2 46. e7
a1=Q 47. Qe6+ Kg7 48. f6+ Kh6 49. f7+ Kg5 50. Qd5+ Kg6 51. Qe6+ Kg5 52. Qd5+
Kg6 1/2-1/2

[Event "USCL Week 3"]
[Site "Internet Chess Club"]
[Date "2012.09.17"]
[Round "?"]
[White "Ginsburg, Mark"]
[Black "Orlov, Georgi"]
[Result "1/2-1/2"]
[WhiteElo "2400"]
[BlackElo "2523"]
[PlyCount "169"]
[EventDate "2012.??.??"]

1. c4 Nf6 2. Nc3 g6 3. e4 d6 4. d4 Bg7 5. f3 O-O 6. Bg5 Na6 7. Qd2 c5 8. d5 e6
9. Bd3 Nb4 10. Bb1 h6 11. Be3 exd5 12. cxd5 Nd7 13. a3 Na6 14. Nge2 Ne5 15. Ba2
Qh4+ 16. Bf2 Qg5 17. Qxg5 hxg5 18. Nc1 Bd7 19. h4 gxh4 20. Bxh4 Rfe8 21. Nd1 b5
22. O-O c4 23. Bf2 Nc5 24. Bxc5 dxc5 25. f4 Ng4 26. e5 Bf5 27. Bb1 Rad8 28.
Bxf5 gxf5 29. Nc3 Ne3 30. Rf3 Nc2 31. Rb1 b4 32. Nb5 Rxd5 33. Nd6 Rxd6 34. exd6
Re1+ 35. Kh2 Kf8 36. Rf2 Ne3 37. Re2 Ng4+ 38. Kg3 Rd1 39. axb4 cxb4 40. Ra1 Bf6
41. Ra5 Nh6 42. Rc2 c3 43. bxc3 bxc3 44. Ne2 Rxd6 45. Kf2 Rd3 46. Ke1 Ng4 47.
Rca2 Ne3 48. g3 Rd1+ 49. Kf2 Ng4+ 50. Kg2 Ne3+ 51. Kf2 Ng4+ 52. Kg2 Rd2 53. Kf3
c2 54. Rc5 Rd3+ 55. Kg2 Ne3+ 56. Kf2 Nd1+ 57. Ke1 Bc3+ 58. Rxc3 Nxc3 59. Rxc2
Ne4 60. Ra2 Rd7 61. Ra5 Rb7 62. Kd1 Rd7+ 63. Ke1 Re7 64. Kf1 Rb7 65. Nd4 Nxg3+
66. Kg2 Nh5 67. Rxf5 Ng7 68. Ra5 Ne6 69. Nxe6+ fxe6 70. Ra6 Rf7 71. Kg3 Re7 72.
Kf3 Kf7 73. Ke4 Rb7 74. Ke5 Rb5+ 75. Ke4 Rb4+ 76. Ke5 Rb7 77. f5 Rb5+ 78. Kd4
exf5 79. Rxa7+ Kf6 80. Ke3 Kg5 81. Kf2 Kg4 82. Ra4+ f4 83. Ra3 Rb2+ 84. Kg1 f3
85. Ra8 1/2-1/2

[Event "USCL Week 3"]
[Site "?"]
[Date "2012.09.19"]
[Round "?"]
[White "Kacheishvili, Giorgi"]
[Black "Perelshteyn, Eugene"]
[Result "1/2-1/2"]
[WhiteElo "2697"]
[BlackElo "2590"]
[PlyCount "84"]
[EventDate "2012.??.??"]

1. e4 c5 2. Nf3 e6 3. d4 cxd4 4. Nxd4 Nf6 5. Nc3 Nc6 6. Ndb5 d6 7. Bf4 e5 8.
Bg5 a6 9. Na3 b5 10. Nd5 Be7 11. Bxf6 Bxf6 12. c3 O-O 13. Nc2 Bg5 14. a4 bxa4
15. Rxa4 a5 16. Bb5 Bb7 17. O-O Ne7 18. Bc4 Rb8 19. b3 Bc6 20. Ra2 Nxd5 21.
exd5 Bd7 22. Qd3 Rc8 23. Rfa1 Rc5 24. b4 axb4 25. cxb4 Rc8 26. Ra7 g6 27. Qb3
Bf5 28. Ne3 Bxe3 29. fxe3 Qg5 30. b5 Be4 31. R7a2 Rb8 32. b6 f5 33. Re1 Rf7 34.
Ba6 Kg7 35. Rb2 h5 36. b7 Rc7 37. Qb6 Qe7 38. h3 h4 39. Qa7 Qd8 40. Qb6 Qe7 41.
Qa7 Qd8 42. Qb6 Qe7 1/2-1/2

[Event "USCL Week 3"]
[Site "?"]
[Date "2012.09.19"]
[Round "?"]
[White "Gulamali, Kazim"]
[Black "Herman, Matt"]
[Result "0-1"]
[WhiteElo "2419"]
[BlackElo "2425"]
[PlyCount "72"]
[EventDate "2012.??.??"]

1. e4 c5 2. Nf3 d6 3. d4 cxd4 4. Nxd4 Nf6 5. Nc3 a6 6. h3 e5 7. Nde2 h5 8. g3
Be7 9. Bg2 b5 10. Bg5 Nbd7 11. O-O Bb7 12. a3 Rc8 13. Qe1 Rc7 14. Rd1 Qa8 15.
Bxf6 Nxf6 16. Nc1 O-O 17. N1a2 Rfc8 18. Qe3 Rc4 19. Rfe1 Qb8 20. Bf1 R4c5 21.
Qf3 Bd8 22. Bd3 Bb6 23. g4 d5 24. Nb4 Rxc3 25. bxc3 dxe4 26. Bxe4 hxg4 27. hxg4
Nxe4 28. Rxe4 Bxe4 29. Qxe4 Rc4 30. Qe2 Qc8 31. Rd6 Bc5 32. Rc6 Qd7 33. Rxa6
Rxg4+ 34. Kf1 e4 35. Ra8+ Kh7 36. Na6 Rh4 0-1

[Event "USCL Week 3"]
[Site "?"]
[Date "2012.09.19"]
[Round "?"]
[White "Williams, Justus"]
[Black "Vilenchuk, Michael"]
[Result "1-0"]
[WhiteElo "2331"]
[BlackElo "2306"]
[PlyCount "137"]
[EventDate "2012.??.??"]

1. Nf3 c5 2. c4 Nc6 3. g3 g6 4. Bg2 Bg7 5. O-O e5 6. Nc3 Nge7 7. d3 O-O 8. a3
d6 9. Bd2 Be6 10. Rb1 a5 11. Ne1 d5 12. b3 b6 13. Nc2 d4 14. Nb5 Qd7 15. b4
axb4 16. axb4 Bh3 17. bxc5 Bxg2 18. Kxg2 bxc5 19. Na1 Na7 20. Nxa7 Rxa7 21. Kg1
Rfa8 22. Nb3 Qc6 23. Qc2 Nf5 24. Ra1 Nd6 25. Rxa7 Rxa7 26. Ra1 Rxa1+ 27. Nxa1
e4 28. Qb1 Be5 29. Qb8+ Kg7 30. Qa7 Nf5 31. Nb3 Bd6 32. Bg5 h6 33. Bd8 exd3 34.
exd3 Qe8 35. Qa5 h5 36. Bb6 Qe2 37. Bxc5 Bxc5 38. Nxc5 h4 39. Ne4 Qxd3 40. Qe5+
Kf8 41. Nf6 Qb1+ 42. Kg2 Qb7+ 43. Nd5 Kg8 44. g4 Nh6 45. Qxd4 f5 46. g5 Nf7 47.
Qxh4 Kf8 48. Qd4 Qc6 49. h4 Qe6 50. Nf4 Qc6+ 51. Qd5 Qxd5+ 52. cxd5 Ne5 53. Kf1
Ke7 54. Ke2 Kd6 55. Ke3 Ng4+ 56. Kf3 Ne5+ 57. Kg3 Ke7 58. h5 gxh5 59. Nxh5 Ng6
60. Nf4 Ne5 61. g6 Kf6 62. d6 Nd7 63. Kh4 Nc5 64. f3 Nd7 65. Kh5 Ne5 66. Kh6
Nxf3 67. g7 Kf7 68. d7 Ne5 69. d8=Q 1-0

[Event "USCL Week 3"]
[Site "?"]
[Date "2012.09.19"]
[Round "?"]
[White "Krasik, Ilya"]
[Black "Katz, Alexander"]
[Result "0-1"]
[WhiteElo "2261"]
[BlackElo "2250"]
[PlyCount "100"]
[EventDate "2012.??.??"]

1. d4 d6 2. e4 Nf6 3. f3 g6 4. c4 Bg7 5. Nc3 O-O 6. Nge2 Nc6 7. Be3 a6 8. Qd2
Rb8 9. Rc1 Bd7 10. Nd1 b5 11. c5 Re8 12. b3 e5 13. d5 Nd4 14. Nf2 dxc5 15. Rxc5
Bf8 16. Rc1 Ba3 17. Rd1 Qe7 18. Nd3 c5 19. dxc6 Bxc6 20. Bg5 Rbd8 21. Nxd4 Rxd4
22. Qc2 Bb7 23. Be2 Rc8 24. Qb1 h6 25. Be3 Rd7 26. O-O Kg7 27. Qa1 Re8 28. b4
Bxb4 29. Nxb4 Qxb4 30. Rxd7 Nxd7 31. Qc1 Rc8 32. Bxh6+ Kh7 33. Qg5 Qb2 34. Bd1
Qxa2 35. Qh4 Kg8 36. Qe7 Qe6 37. Qa3 Nb6 38. Bb3 Nc4 39. Qb4 Qb6+ 40. Kh1 Qc5
41. Qe1 Qe7 42. Qg3 a5 43. Bg5 f6 44. Bc1 Kg7 45. f4 Bxe4 46. f5 Qf7 47. Bb2 a4
48. Bxc4 Rxc4 49. fxg6 Qxg6 50. Bxe5 Bxg2+ 0-1

[Event "USCL Week 3"]
[Site "?"]
[Date "2012.09.19"]
[Round "?"]
[White "Erenburg, Sergey"]
[Black "Stripunsky, Alex"]
[Result "0-1"]
[WhiteElo "2700"]
[BlackElo "2673"]
[PlyCount "74"]
[EventDate "2012.??.??"]

1. d4 d5 2. Nf3 Nc6 3. c4 Bg4 4. Nc3 e6 5. cxd5 exd5 6. Bf4 Bd6 7. Qd2 Nge7 8.
O-O-O O-O 9. h3 Bf5 10. g4 Be4 11. Nxe4 dxe4 12. Ne5 Ng6 13. e3 Ncxe5 14. dxe5
Bxe5 15. Qc2 Qf6 16. Bxe5 Nxe5 17. Qxe4 Rad8 18. Rxd8 Rxd8 19. f4 Qd6 20. Qc2
Nc6 21. Bc4 Na5 22. Be2 Qe6 23. Rd1 Qxe3+ 24. Kb1 Rxd1+ 25. Qxd1 g6 26. f5 Kg7
27. fxg6 hxg6 28. h4 b6 29. h5 Nc6 30. hxg6 Nd4 31. Bc4 fxg6 32. a3 c5 33. Bd5
Qe5 34. Qh1 b5 35. Be4 a5 36. Bd3 c4 37. Qe4 Qxe4 0-1

[Event "USCL Week 3"]
[Site "?"]
[Date "2012.09.19"]
[Round "?"]
[White "Minear, Peter"]
[Black "Wu, Christopher"]
[Result "1-0"]
[WhiteElo "2427"]
[BlackElo "2304"]
[PlyCount "91"]
[EventDate "2012.??.??"]

1. e4 c5 2. c3 d5 3. exd5 Qxd5 4. d4 Nf6 5. Nf3 Bg4 6. Be2 e6 7. O-O Nc6 8. Na3
Be7 9. Be3 cxd4 10. Nb5 Rc8 11. Nbxd4 Nxd4 12. Nxd4 Bxe2 13. Qxe2 O-O 14. Rfd1
a6 15. h3 Rfd8 16. Nf3 Qe4 17. Rxd8+ Rxd8 18. Rd1 Rxd1+ 19. Qxd1 h6 20. Nd2 Qc6
21. c4 Nd7 22. Qf3 Qc7 23. b3 f5 24. Bf4 Bd6 25. Bxd6 Qxd6 26. Qc3 e5 27. b4 e4
28. c5 Qe5 29. Qc4+ Kf8 30. c6 bxc6 31. Qxc6 Ke7 32. Nc4 Qe6 33. Qc7 f4 34. Na5
Qd6 35. Nc6+ Ke6 36. Nd8+ Kd5 37. Qc3 Ne5 38. Qb3+ Kd4 39. Ne6+ Qxe6 40. Qxe6
e3 41. fxe3+ fxe3 42. Qd6+ Ke4 43. Kf1 Nd3 44. g3 Ne5 45. Ke2 Nc4 46. Qd3+ 1-0

[Event "USCL Week 3"]
[Site "?"]
[Date "2012.09.19"]
[Round "?"]
[White "Burke, John Michael"]
[Black "Shahade, Michael"]
[Result "1/2-1/2"]
[WhiteElo "2035"]
[BlackElo "2210"]
[PlyCount "52"]
[EventDate "2012.??.??"]

1. e4 e6 2. d4 d5 3. Nd2 Nf6 4. e5 Nfd7 5. Bd3 c5 6. c3 Nc6 7. Ne2 cxd4 8. cxd4
f6 9. Nf4 Nxd4 10. Qh5+ Ke7 11. Ng6+ hxg6 12. exf6+ Nxf6 13. Qxh8 Kf7 14. O-O
e5 15. Nb3 Ne6 16. Qh4 Bd6 17. f3 a5 18. Bg5 a4 19. Nd2 Bd7 20. Rae1 Qb6+ 21.
Kh1 Bb5 22. Bxb5 Qxb5 23. Bxf6 gxf6 24. f4 exf4 25. Nf3 Kg7 26. Qf2 Bc5 1/2-1/2

[Event "USCL Week 3"]
[Site "?"]
[Date "2012.09.19"]
[Round "?"]
[White "Kaufman, Larry"]
[Black "Kekelidze, Mikheil"]
[Result "1/2-1/2"]
[WhiteElo "2445"]
[BlackElo "2628"]
[PlyCount "86"]
[EventDate "2012.??.??"]

1. d4 d5 2. c4 e6 3. Nc3 Bb4 4. e3 c5 5. Nf3 Nc6 6. Bd3 Nf6 7. O-O O-O 8. a3
Ba5 9. h3 Re8 10. Qe2 e5 11. dxe5 Bxc3 12. bxc3 dxc4 13. Bxc4 Nxe5 14. Nxe5
Rxe5 15. Rd1 Qa5 16. Bb2 Bd7 17. Bd3 Ba4 18. Rdc1 Rd8 19. c4 Re6 20. Bc3 Qa6
21. Bf5 Red6 22. Qf3 g6 23. Qg3 Nh5 24. Qh4 Re8 25. Bg4 Ng7 26. Qh6 f6 27. Qf4
Red8 28. Bf3 Ne8 29. Bd5+ Rxd5 30. cxd5 Rxd5 31. e4 Rh5 32. e5 fxe5 33. Bxe5 b6
34. Re1 Rf5 35. Qh4 Qb5 36. Bc3 Rf7 37. Re3 Qd7 38. Rae1 h5 39. Rxe8+ Qxe8 40.
Re3 Qd7 41. Qg5 Qf5 42. Qg3 Kh7 43. Rf3 Qe6 1/2-1/2

[Event "USCL Week 3"]
[Site "?"]
[Date "2012.09.19"]
[Round "?"]
[White "Harris, Ian"]
[Black "Defibaugh, Jared"]
[Result "1-0"]
[WhiteElo "2342"]
[BlackElo "2357"]
[PlyCount "89"]
[EventDate "2012.??.??"]

1. e4 e5 2. Nf3 Nc6 3. Bb5 f5 4. Nc3 fxe4 5. Nxe4 d5 6. Nxe5 dxe4 7. Nxc6 Qg5
8. Qe2 Nf6 9. Nxa7+ Bd7 10. Bxd7+ Nxd7 11. f4 Qc5 12. Nb5 Qxc2 13. d4 Bb4+ 14.
Kf2 Qxe2+ 15. Kxe2 O-O-O 16. a3 Ba5 17. Be3 Nf6 18. Rhd1 c6 19. b4 Bb6 20. Nc3
Nd5 21. Rac1 Nxc3+ 22. Rxc3 Rd5 23. a4 Rhd8 24. Rc4 Kb8 25. Bf2 Bc7 26. g3 g5
27. fxg5 Rxg5 28. Rc5 Rg6 29. Rh5 Rd7 30. Be3 Re6 31. Rf5 Rd5 32. Rdf1 Red6 33.
g4 Rd7 34. h4 Bb6 35. Rxd5 cxd5 36. Rf5 Bc7 37. g5 Kc8 38. h5 Kd8 39. g6 hxg6
40. hxg6 Rg7 41. Rxd5+ Ke8 42. Rg5 Bd8 43. Rg4 Kd7 44. Bh6 Rg8 45. g7 1-0

[Event "USCL Week 3"]
[Site "?"]
[Date "2012.09.19"]
[Round "?"]
[White "Zimmer, Ralph"]
[Black "Colas, Joshua"]
[Result "1-0"]
[WhiteElo "2304"]
[BlackElo "2376"]
[PlyCount "73"]
[EventDate "2012.??.??"]

1. c4 e6 2. g3 d5 3. Bg2 Nf6 4. Nf3 Be7 5. O-O O-O 6. Qc2 Nbd7 7. d3 c6 8. b3
e5 9. Bb2 d4 10. Nbd2 Qc7 11. Rae1 c5 12. e3 Bd6 13. b4 dxe3 14. fxe3 cxb4 15.
d4 Rb8 16. c5 exd4 17. exd4 b6 18. c6 Ba6 19. Rf2 Rbc8 20. Ng5 h6 21. Nge4 Bb5
22. Nxf6+ Nxf6 23. Rxf6 gxf6 24. Qf5 Bxc6 25. d5 Be5 26. Bxe5 fxe5 27. dxc6 f6
28. Re4 Kh8 29. Rh4 Qg7 30. Be4 Rc7 31. Rg4 Qe7 32. Rg6 Qc5+ 33. Kg2 Qe3 34.
Nf3 Qe2+ 35. Kh3 Qf1+ 36. Kh4 Qc1 37. Rxf6 1-0

[Event "USCL Week 3"]
[Site "?"]
[Date "2012.09.19"]
[Round "?"]
[White "Yedidia, Jonathan"]
[Black "Milman, Lev"]
[Result "0-1"]
[WhiteElo "2433"]
[BlackElo "2479"]
[PlyCount "126"]
[EventDate "2012.??.??"]

1. d4 Nf6 2. c4 e6 3. Nc3 Bb4 4. e3 O-O 5. Bd3 d5 6. Nf3 b6 7. O-O Bb7 8. cxd5
exd5 9. a3 Bd6 10. b4 Nbd7 11. Qb3 a6 12. a4 Qe7 13. b5 axb5 14. Nxb5 c5 15.
Nxd6 Qxd6 16. Ba3 Bc6 17. Bb5 Ra5 18. Rfc1 Rfa8 19. dxc5 bxc5 20. Bb4 R5a7 21.
Nd4 Bxb5 22. Nxb5 Qb6 23. Bc3 Ra6 24. h3 h6 25. Qd1 Qc6 26. Bb2 Ne4 27. Qg4
Ndf6 28. Qd1 Ne8 29. Be5 Qe6 30. Bf4 c4 31. Rcb1 Nc5 32. Nd4 Qd7 33. a5 Rxa5
34. Rxa5 Rxa5 35. Rb8 Kh7 36. Qb1+ Nd3 37. Nf3 Nf6 38. Rb7 Ra1 39. Qxa1 Qxb7
40. Be5 Ne8 41. Bd4 f6 42. Nh4 Nd6 43. Bxf6 Qf7 44. Be5 Qxf2+ 45. Kh2 Qxh4 46.
Bxd6 Qf6 47. Qa3 Qe6 48. Bc5 Qe5+ 49. Kh1 Qg3 50. Bd6 Nf2+ 51. Kg1 Nxh3+ 52.
Kh1 Qe1+ 53. Kh2 Nf2 54. Bb4 Qh1+ 55. Kg3 Ne4+ 56. Kf4 Qxg2 57. Ke5 Ng3 58. Ke6
Qe4+ 59. Kf7 Qg6+ 60. Kf8 Qf6+ 61. Ke8 Qe6+ 62. Kf8 Nf5 63. Qa7 Qg8# 0-1

[Event "USCL Week 3"]
[Site "?"]
[Date "2012.09.19"]
[Round "?"]
[White "Smith, Shaun"]
[Black "Goldberg, Ben"]
[Result "1-0"]
[WhiteElo "2066"]
[BlackElo "2233"]
[PlyCount "83"]
[EventDate "2012.??.??"]

1. Nf3 Nf6 2. c4 e6 3. d4 d5 4. Nc3 Be7 5. cxd5 exd5 6. Bg5 c6 7. e3 Bf5 8. Bd3
Bxd3 9. Qxd3 O-O 10. Nd2 Re8 11. O-O Nbd7 12. Rac1 Nf8 13. Bxf6 Bxf6 14. b4 a6
15. a4 Be7 16. b5 axb5 17. axb5 Bd6 18. bxc6 bxc6 19. Ra1 Qh4 20. Nf3 Qh5 21.
Rxa8 Rxa8 22. Rc1 Re8 23. Nb1 Re6 24. Nbd2 Rg6 25. g3 Bb4 26. Kg2 Rh6 27. Nf1
Qh3+ 28. Kg1 Rf6 29. Ne5 Bd6 30. Nxc6 h5 31. Ne5 h4 32. Qc2 Ne6 33. Qc6 Ng5 34.
Qc8+ Kh7 35. f4 Qxc8 36. Rxc8 Ne4 37. Rd8 h3 38. Ng4 Re6 39. Nf2 Nxf2 40. Kxf2
Kg6 41. g4 f5 42. Ng3 1-0